[Event "Bratislava-ch"]
[Site "Bratislava"]
[Date "2003.03.30"]
[Round "1"]
[White "Mahdal, M."]
[Black "Soos, Vladimir"]
[Result "1/2-1/2"]
[WhiteElo "1350"]
[BlackElo "1838"]
[PlyCount "97"]
[EventDate "2003.03.??"]
[EventType "swiss"]
[EventRounds "9"]
[EventCountry "SVK"]
[SourceTitle "EXT 2006"]
[Source "ChessBase"]
[SourceDate "2005.11.24"]
[SourceVersion "1"]
[SourceVersionDate "2005.11.24"]
[SourceQuality "1"]

1. e4 c5 2. Nf3 Nc6 3. d4 cxd4 4. Nxd4 Nf6 5. Nc3 e5 6. Nf3 Bb4 7. Bg5 d5 8. Bxf6 Qxf6 9. Qxd5 Be6 10. Qb5 Rb8 11. Be2 0-0 12. 0-0 a6 13. Qb6 Ba5 14. Qc5 Bb4 15. Qe3 Nd4 16. Qd3 Rbc8 17. Nxd4 Rfd8 18. Qf3 Rxd4 19. Qxf6 gxf6 20. Bd3 Bxc3 21. bxc3 Rxc3 22. a4 Bc4 23. Rfd1 Bxd3 24. cxd3 Rcxd3 25. Rxd3 Rxd3 26. a5 Rb3 27. Kf1 Rb2 28. Rc1 Kg7 29. g4 Kg6 30. h4 h5 31. gxh5+ Kxh5 32. Rc7 Kxh4 33. Rxf7 Kg5 34. Kg2 Rb5 35. Kg3 Rxa5 36. Rg7+ Kh6 37. Rxb7 Ra2 38. Rf7 Kg6 39. Ra7 f5 40. exf5+ Kxf5 41. Rf7+ Ke4 42. f3+ Kd4 43. Ra7 a5 44. Kg4 Ke3 45. Kf5 a4 46. Kxe5 Kxf3 47. Kd4 Rh2 48. Kc3 Rh4 49. Kb2 1/2-1/2